00384 2200145 4500001002100000005001500021035002000036245007300056100001800129300001200147260004500159082000800204084001400212990001200226INLIS00000000000233720250528101732 a0010-05250006291 aMelintas Cakrawala Kisah Sukses Pengusaha Indonesia /cJulius Tahija0 aJulius Tahija a291 hlm aJakarta :bGramedia Pustaka Utama,c1997 a813 a813 JUL m a0712640